2000 1250 1801 1695 1063 1234 1964 1127 1225 1874 1217 1125 1127 1961 1003 1898 1727 1766 1530 1619 1451 1864 1423 1138 1609 1561 1526 1581 1095 1763 1445 1102 1809 1699 1328 1933 1170 1194 1787 1240 1344 1222 1487 1524 1344 1683 1948 1961 1654 1096 1978 1762 1826 1740 1288 1008 1782 1503 1034 1852 1314 1167 1320 1018 1788 1956 1144 1913 1674 1582 1633 1595 1822 1683 1125 1235 1069 1700 1532 1363 1834 1084 1036 1948 1650 1673 1120 1696 1365 1800 1913 1930 1437 1371 1348 1288 1052 1159 1370 BCNSPRNW ULIB Ver.6.0+V

เปลี่ยนเป็นภาษาไทย

Change to English
 แสดงรายละเอียดบรรณานุกรม
  กลับหน้าหลัก

Brief Record : Get Marc (ISO 2709) : E-mail record : QR code < ปิดหน้าต่าง
LEADER : 00000nam 2200000uu 4500
001    13399112254
003     ULIB
008    110209s2537||||th 000 0 tha d
060 04 WQ305^bพ664ข 2537
100 0  พิชัย เจริญพานิช
245 00 ขบวนการคลอด สรีรภาพ ปัญหา และแนวทางแก้ไข /^cพิชัย เจริญพานิช
250    พิมพ์ครั้งที่ 1
260    กรุงเทพฯ :^bเซ็นจูรี่,^c2537
300    [13], 661 หน้า :^bภาพประกอบ ;^c26 ซม.
650  7 การคลอด
650  7 Paracrine system
650  7 Parturition physiology and problems
945    ^p0^l0^i003245
945    ^p0^l0^i003246
945    ^p0^l0^i003247
945    ^p0^l0^i003248
945    ^p0^l0^i003249
945    ^p0^l0^i003250
945    ^p0^l0^i004409
945    ^p0^l0^i004410
945    ^p0^l0^i004411
945    ^p0^l0^i006621
945    ^p0^l0^i006622
945    ^p0^l0^i006623
945    ^p0^l0^i006624
945    ^p0^l0^i006625
995    ทศพร
999 ^a ใช้งานได้ทุกระบบ
รายการนี้ยังไม่มีแท็ก
คุณยังไม่ได้ล็อกอิน คุณสามารถมีกิจกรรมร่วมกับเว็บไซต์ได้ แต่ต้องล็อกอินก่อน ::
  ล็อกอิน

รายการสื่อสารสนเทศ

ลำดับที่ ประเภท เลขเรียก/บาร์โค้ด สถานที่ สถานะ
- ไม่พบข้อมูล -

รายการใกล้เคียง
    หัวเรื่อง [การคลอด]

BibComment


ยังไม่เคยถูกคอมเมนท์

คอมเมนท์ทรัพยากรรายการนี้
  คอมเมนท์: ขบวนการคลอด สรีรภ..


 Copyright 2026. Bcnsprnw @Library